000 00768cam a22001814a 4500
005 20250605164357.0
008 250528s ||||||||||||||||||||||||d
035 _a24404
040 _aGR-AtMCL
_bgre
_dGR-AtMCL
_eAACR2
245 1 _aExpecting the Unexpected / Selecting the Right Primary Packaging for Injectable Formulations
260 _bRussel Publishing Ltd,
_c2019
300 _a80
520 _aBuilding a Business Case for Modernising Microbiological Environmental Monitoring, What Brexit will Mean for Non-EU Countries: A Focus on Challenges for the ASEAN Region, Process and Analytical Method Elements of a Well-Defined Filing Control Strategy.
700 1 _aWithers Nikki
_99460
942 _cCR
999 _c9288
_d9288